Łódź: Przystanki na linii 19 - Statystyki

Ogólne statystyki
  • Ten quiz został rozwiązany 22 razy
  • Średni wynik to 25 z 37
Statystyki odpowiedzi
Ulica Przystanek % Poprawnych
Chojny Kurczaki
88%
Rzgowska - cm. Rzgowska
88%
Rzgowska - Dachowa
88%
Paderewskiego - Karpacka
88%
Paderewskiego - r. Lotników Lwowskich
88%
Paderewskiego - Rzgowska
88%
Piotrkowska - pl. Niepodległości
81%
Paderewskiego - Tuszyńska
81%
Pabianicka - Wólczańska
81%
Piotrkowska - Brzeźna
75%
Piotrkowska - Czerwona
75%
Zgierska - Helenówek #
75%
Helenówek Pętla
75%
Zachodnia - Legionów
75%
Zachodnia - Manufaktura
75%
Zgierska - pl. Pamięci Narodowej
75%
Kościuszki - Struga
75%
Kościuszki - Zamenhofa
75%
Paderewskiego - Zaolziańska
75%
Piotrkowska - Żwirki
75%
Kościuszki - 6 Sierpnia
69%
Zgierska - cm. Radogoszcz
69%
Zgierska - Dolna
69%
Zachodnia - Limanowskiego
69%
Zachodnia - Lutomierska
69%
Piotrkowska Centrum
69%
Piotrkowska - pl. Katedralny
69%
Zachodnia - Więckowskiego
69%
Zgierska - Julianowska
63%
Zgierska - Adwokacka
50%
Zachodnia - Próchnika
50%
Zgierska - Biegańskiego
44%
Zgierska - Brzoskwiniowa
44%
Zgierska - Sikorskiego
44%
Zgierska - Pasieczna
38%
Zgierska - Świtezianki
38%
Zgierska - Przedwiośnie
31%
Nie znaleziono quizów pasujących do podanych kryteriów
Rozkład punktacji
Procent ludzi z każdym wynikiem
Percentyl według liczby udzielonych odpowiedzi
Twoja historia wyników
Nie rozwiązałeś tego quizu